un million - Pomme - Statistiques

Statistiques générales
  • Ce quiz a été pris 45 fois
  • Le résultat moyen est 152 sur 185
Statistiques - réponses
Hint Réponse % Correct
Ça
95%
Cache
95%
de
95%
De
95%
J'ai
95%
la
95%
larmes
95%
mes
95%
million
95%
un
95%
Un
95%
Combien
90%
fois
90%
m'a
90%
Pour
90%
te
90%
bien
86%
ce
86%
c'est
86%
C'est
86%
des
86%
Je
86%
jeu
86%
le
86%
les
86%
peu
86%
piscine
86%
Plus
86%
que
86%
ton
86%
Une
86%
une
86%
Au
81%
dans
81%
dit
81%
faire
81%
fait
81%
glace
81%
gros
81%
mal
81%
m'entraîne
81%
moins
81%
Mon
81%
normale
81%
peut
81%
Pleurer
81%
pourrais
81%
retenu
81%
saison
81%
sale
81%
se
81%
Se
81%
toi
81%
Tous
81%
y
81%
yeux
81%
avoir
76%
cœur
76%
face
76%
facile
76%
garder
76%
lac
76%
l'air
76%
mercredis
76%
mille
76%
Ne
76%
pas
76%
pluvieux
76%
Qu'est
76%
Qui
76%
qu'on
76%
ville
76%
jamais
71%
non
71%
On
71%
trahissent
71%
Depuis
67%
oh
67%
peur
67%
pourrait
67%
Reprends
67%
dedans
62%
. fond
62%
nager
62%
toucher
62%
temps
57%
voudrait
57%
courants
52%
vider
52%
défier
48%
N'aie
48%
sentiments
43%
parler
38%
Traverser
38%
Aucun quiz correspondant
Distribution des résultats
% des personnes avec chaque résultat
Percentile par nombre de réponses
Votre historique - résultats
Vous n’avez pas pris ce quiz